000 00853nam a2200253Ia 4500
003 OSt
005 20220923212918.0
006 a|||||r|||| 00| 0
007 ta
008 220922b |||||||| |||| 00| 0 hin d
024 _a156,895
037 _cTextual
040 _aARTS
_cARTS
_bhin
041 _2hin
_ahin
082 _aO152:g, L6
100 _aसिद्धेश्वर प्रसाद
245 0 _aसाहित्य का मूल्यांकन
246 _aSāhitya kā mūlyāankana
260 _aपटना
_b बिहार राष्ट्रभाषा परिषद्
_c1976
300 _a242 पृ.
_ccm.
650 _aहिन्दी साहित्य
_9156264
942 _hO152:g, L6
_cTEXL
_2CC
999 _c312112
_d312112